| 000 | 00346nam a22001337a 4500 | ||
|---|---|---|---|
| 008 | 140122b xxu||||| |||| 00| 0 eng d | ||
| 020 | _a0142003492 | ||
| 050 | _aPZ4.C183S6 | ||
| 100 |
_aCamilleri, Andrea _96964 |
||
| 245 | _aThe Snack thief | ||
| 260 |
_aHarmondsworth _bPenguin Books _c2003 |
||
| 300 |
_a298p. _c18cm |
||
| 942 |
_2lcc _cMONOGRAPH |
||
| 999 |
_c119654 _d119654 |
||